00437nam a2200145 a 4500008004100000020001800041050001600059100002200075245010500097250001200202260002300214300002400237650001500261650001500276170111s2015 ||||||||||||||||| || u a9781483352268 aHD 57.7 Nus aLussier, Robert N10aManagement fundamentals: concepts applications skill development (6th edition)cBy Robert N. Lussier a6th ed. aLondonbSAGEc2015 axxxiii, 517p.: ill. 0aMANAGEMENT 0aLEADERSHIP